• 首页
  • 本馆介绍
  • 公告通知
  • 最新文献
  • 馆藏检索
  • 电子资源
  • 读者导购
  • 参考咨询
  • 我的图书馆
  • 登录
  • 详细信息显示
  • 放入我的书架
  • 预约/预借图书
  • 作者相关作品
  • 分类相关作品
  • 丛书相关作品
  • 出版社相关作品

书目信息

  • 表格格式
  • 工作单格式
  • 卡片格式
题名:
理解的实践
    
 
作者: 张能为 著
分册:  
出版信息: 北京   人民出版社  2002
页数: 350页
开本: 20cm
丛书名:
单 册:
中图分类: B516.59
科图分类:
主题词: 伽达默尔--哲学--研究
电子资源:
ISBN: 7-01-003749-3
000 00981nam0 2200241 450
001 TS-247046
005 20070117150400.71
010    @a7-01-003749-3@dCNY20.00
100    @a20060829d2002 emky0chiy0110 ea
101 0  @achi
102    @aCN@b110000
105    @ay z 000yy
200 1  @a理解的实践@ALi Jie De Shi Jian@e伽达默尔实践哲学研究@EJia Da Mo Er Shi Jian Zhe Xue Yan Jiu@f张能为著@FZhang Neng Wei Zhu
210    @a北京@c人民出版社@d2002
215    @a350页@d20cm
330    @a本书作者客观地指明了伽达默尔实践哲学与马克思主义实践哲学的区别,同时又令人信服地阐述了前者对我们发展马克思主义哲学、对建设中国实践解释学,以及对当代信息网络社会的意义、价值和影响。
517 1  @a伽达默尔实践哲学研究@AJia Da Mo Er Shi Jian Zhe Xue Yan Jiu
600  0 @a伽达默尔@c(Gadamer, Hans-Georg@f1900~?)@x哲学思想@x研究
606 0  @a伽达默尔@x哲学@x研究
690    @aB516.59@v4
701  0 @a张能为@AZhang Neng Wei@4著
801  0 @aCN@b中图数据@c20070117
905    @a10447@dB516.59@e116
    
    理解的实践:伽达默尔实践哲学研究/张能为著.-北京:人民出版社,2002
    350页;20cm
    
    
    ISBN 7-01-003749-3:CNY20.00
    本书作者客观地指明了伽达默尔实践哲学与马克思主义实践哲学的区别,同时又令人信服地阐述了前者对我们发展马克思主义哲学、对建设中国实践解释学,以及对当代信息网络社会的意义、价值和影响。
●
相关链接 在E读中查询图书 在五车中查询图书 在当当中查询图书 在豆瓣中查询图书


正题名:理解的实践     索取号:B516.59/116         预约/预借

序号 登录号 条形码 馆藏地/架位号 状态 备注
1 0615414   206154141   第一样本阅览室/ [索取号:B516.59/116] 在馆    
2 0615415   206154150   第一借阅区/ [索取号:B516.59/116] 在馆    
3 0615416   206154169   第一借阅区/ [索取号:B516.59/116] 在馆    
4 0615417   206154178   第一借阅区/ [索取号:B516.59/116] 在馆    
5 0615418   206154187   第一借阅区/ [索取号:B516.59/116] 在馆    
唐山师范学院图书馆 欢迎您!
大连网信软件有限公司© 版权所有